Dangling man / (Record no. 200468167)
[ view plain ]
| 000 -LEADER | |
|---|---|
| fixed length control field | 00995cam a2200349 i 4500 |
| 001 - CONTROL NUMBER | |
| control field | 200468167 |
| 003 - CONTROL NUMBER IDENTIFIER | |
| control field | TR-AnTOB |
| 005 - DATE AND TIME OF LATEST TRANSACTION | |
| control field | 20260417094718.0 |
| 007 - PHYSICAL DESCRIPTION FIXED FIELD--GENERAL INFORMATION | |
| fixed length control field | ta |
| 008 - FIXED-LENGTH DATA ELEMENTS--GENERAL INFORMATION | |
| fixed length control field | 260417r19731944nyu 000 1 eng |
| 010 ## - LIBRARY OF CONGRESS CONTROL NUMBER | |
| LC control number | 88017983 |
| 020 ## - INTERNATIONAL STANDARD BOOK NUMBER | |
| International Standard Book Number | 014001862X |
| Qualifying information | (paperback) |
| 035 ## - SYSTEM CONTROL NUMBER | |
| System control number | 4328788 |
| System control number | (TR-AnTOB)200468167 |
| 040 ## - CATALOGING SOURCE | |
| Original cataloging agency | DLC |
| Language of cataloging | eng |
| Description conventions | rda |
| Transcribing agency | DLC |
| Modifying agency | DLC |
| -- | TR-AnTOB |
| 041 0# - LANGUAGE CODE | |
| Language code of text/sound track or separate title | İngilizce |
| 050 00 - LIBRARY OF CONGRESS CALL NUMBER | |
| Classification number | PS3503.E4488 |
| Item number | D3 1973 |
| 090 ## - LOCALLY ASSIGNED LC-TYPE CALL NUMBER (OCLC); LOCAL CALL NUMBER (RLIN) | |
| Classification number (OCLC) (R) ; Classification number, CALL (RLIN) (NR) | PS3503.E4488 |
| Local cutter number (OCLC) ; Book number/undivided call number, CALL (RLIN) | D3 1973 |
| 100 1# - MAIN ENTRY--PERSONAL NAME | |
| Personal name | Bellow, Saul |
| Relator term | author |
| Relator code | aut |
| 9 (RLIN) | 145509 |
| 245 10 - TITLE STATEMENT | |
| Title | Dangling man / |
| Statement of responsibility, etc. | Saul Bellow. |
| 264 #1 - PRODUCTION, PUBLICATION, DISTRIBUTION, MANUFACTURE, AND COPYRIGHT NOTICE | |
| Place of production, publication, distribution, manufacture | New York, NY : |
| Name of producer, publisher, distributor, manufacturer | Penguin Books, |
| Date of production, publication, distribution, manufacture, or copyright notice | 1973. |
| 300 ## - PHYSICAL DESCRIPTION | |
| Extent | 159 pages ; |
| Dimensions | 18 cm |
| 336 ## - CONTENT TYPE | |
| Content type term | text |
| Content type code | txt |
| Source | rdacontent |
| 337 ## - MEDIA TYPE | |
| Media type term | unmediated |
| Media type code | n |
| Source | rdamedia |
| 338 ## - CARRIER TYPE | |
| Carrier type term | volume |
| Carrier type code | nc |
| Source | rdacarrier |
| 651 #0 - SUBJECT ADDED ENTRY--GEOGRAPHIC NAME | |
| Geographic name | Chicago (Ill.) |
| Form subdivision | Fiction |
| 9 (RLIN) | 153754 |
| 655 #7 - INDEX TERM--GENRE/FORM | |
| Genre/form data or focus term | Psychological fiction |
| Source of term | lcgft |
| 9 (RLIN) | 5034 |
| Genre/form data or focus term | Fiction |
| Source of term | lcgft |
| 9 (RLIN) | 151487 |
| 942 ## - ADDED ENTRY ELEMENTS (KOHA) | |
| Source of classification or shelving scheme | Library of Congress Classification |
| Koha item type | Book |
| Withdrawn status | Lost status | Source of classification or shelving scheme | Damaged status | Not for loan | Collection code | Home library | Current library | Shelving location | Date acquired | Source of acquisition | Inventory number | Total Checkouts | Full call number | Barcode | Date last seen | Copy number | Date shelved | Koha item type | Public note |
|---|---|---|---|---|---|---|---|---|---|---|---|---|---|---|---|---|---|---|---|
| Library of Congress Classification | Kullanılmış / Used | Ödünç Verilemez-Kurumiçi kullanım / Not for loan-For inhouse use | Genel Koleksiyon | Tıp Fakültesi Medikal Kütüphane | Tıp Fakültesi Medikal Kütüphane | Genel Koleksiyon / Main Collection | 18/03/2026 | Bağış / Donation | İDE | PS3503.E4488 D3 1973 TıpFaK | TF03144 | 17/04/2026 | 1 | 17/04/2026 | Book | Donated by Prof. Dr. Şükrü Cin |
